Emerging Trends In Organic Products / (Record no. 210704)
[ view plain ]
| 000 -LEADER | |
|---|---|
| fixed length control field | 00703nam a22002177a 4500 |
| 005 - DATE AND TIME OF LATEST TRANSACTION | |
| control field | 20250403112922.0 |
| 010 ## - LCCN (DPL NO) | |
| LC control number | ENG-144463 |
| 020 ## - INTERNATIONAL STANDARD BOOK NUMBER | |
| International Standard Book Number | 9789389146424 |
| Terms of availability | 400.00 |
| 035 ## - SYSTEM CONTROL NUMBER | |
| System control number | EN-127995 |
| 037 ## - SOURCE OF ACQUISITION | |
| Source of stock number/acquisition | DBAD |
| 082 ## - DEWEY DECIMAL CLASSIFICATION NUMBER | |
| Classification number | 620.8 |
| Edition number | 1st |
| 245 ## - TITLE STATEMENT | |
| Title | Emerging Trends In Organic Products / |
| Statement of responsibility, etc | M.Inbalalakshmi |
| Medium | English |
| 250 ## - EDITION STATEMENT | |
| Edition statement | 1st |
| 260 ## - PUBLICATION, DISTRIBUTION, ETC. (IMPRINT) | |
| Place of publication, distribution, etc | Tamil Nadu |
| Date of publication, distribution, etc | 2019 |
| Name of publisher, distributor, etc | Shanlax Publications |
| 270 ## - ADDRESS | |
| Address | 61, 66 T.P.K. Main Road Vasantha Nagar, Madurai |
| City | Tamil Nadu |
| Electronic mail address | publisher@shanlaxpublications.com |
| 300 ## - PHYSICAL DESCRIPTION | |
| Extent | 218.p |
| Dimensions | 25cm. (Pb) |
| 700 ## - ADDED ENTRY--PERSONAL NAME | |
| Personal name | M.Inbalakshmi |
| 9 (RLIN) | 80043 |
| 700 ## - ADDED ENTRY--PERSONAL NAME | |
| Personal name | R. Meera Athirai |
| 9 (RLIN) | 80171 |
| 700 ## - ADDED ENTRY--PERSONAL NAME | |
| Personal name | M. Ponniah |
| 9 (RLIN) | 80172 |
| 942 ## - ADDED ENTRY ELEMENTS (KOHA) | |
| Source of classification or shelving scheme | Dewey Decimal Classification |
| Item type | English Books |
| Classification part | 620.8 |
| Call number suffix | INB |
| Edition | 1 |
| Withdrawn status | Lost status | Not for loan | Collection code | Home library | Current library | Date acquired | Source of acquisition | Cost, normal purchase price | Full call number | Barcode | Copy number | Cost, replacement price | Koha item type |
|---|---|---|---|---|---|---|---|---|---|---|---|---|---|
| Non-fiction | Central Jail Tihar | Central Jail Tihar | 03/04/2025 | DBAD | 400.00 | 620.8 INB | EN-127995 | 1 | 400.00 | English Books |
